00639cam a22002171 4500001001300000003000400013005001700017008004100034010001700075035001900092040001900111042001200130050001700142110005100159245004900210260002200259300003900281504003100320651005300351999001700404sa 67007337 DLC20260227112415.0761208s1964 xx ab b 000 0 eng  asa 67007337  a(OCoLC)2605324 aDLCcOAkUdDLC apremarc00aHC437.G6bN32 aNational Council of Applied Economic Research.10aTecho-economic survey of Goa, Daman and Diu. aNew Delhic[1964] axii, 275 p.billus., maps.c25 cm. aBibliographical footnotes. 0aGoa, Daman and Diu (India)xEconomic conditions. c76513d76513